000
00272nam a2200109 a 4500
008
110104s1960|||| d
245
1
0
_a
Spomienky na Vladimíra Iľjiča Lenina 2.diel
260
_b
SVPL
_a
Bratislava
_c
1960
020
_c
26
041
_a
slo
044
_a
xo
_c
SK
999
_c
15477
_d
15477